Industria láctea: operaciones cuantitativas

Bibliographic Details
Main Author: Revilla R., Aurelio
Format: Section = Libro
Language:Undetermined
Spanish
Published: Tegucigalpa Zamorano 1994
Subjects:
LEADER 00500nam a2200193Ia 4500
008 240830s9999 xx 000 0 und d
040 |a B-ESTELÍ- RUACS / 637 R454 
041 |a spa 
082 |a 637 R454 
100 1 |a Revilla R., Aurelio 
245 1 0 |a Industria láctea: operaciones cuantitativas 
260 |a Tegucigalpa  |b Zamorano  |c 1994 
300 |a 245 p. 
650 7 |a LACTEA - INDUSTRIA 
650 7 |b  LIMPIEZA 
650 7 |c  LACTEOS - PRODUCTOS 
942 |c BK  |2 ddc 
991 |a TEXTO 
999 |c 11381